Theologia Naturalis (Record no. 170724)

MARC details
000 -LEADER
campo de control de longitud fija 00812nam a2200217 i 4500
001 - NÚMERO DE CONTROL
campo de control 170724
003 - IDENTIFICADOR DE NÚMERO DE CONTROL
campo de control ES-MaACL
005 - FECHA Y HORA DE LA ÚLTIMA TRANSACCIÓN
campo de control 20250808062738.0
008 - DATOS DE LONGITUD FIJA--INFORMACIÓN GENERAL
campo de control de longitud fija 090401s1950 sp |||| | lat d
100 0# - ENTRADA PRINCIPAL--NOMBRE DE PERSONA
Nombre de persona Hellín, José.
9 (RLIN) 62450
245 10 - MENCIÓN DEL TÍTULO
Título Theologia Naturalis
Resto del título : Tractatus metaphysicus in utilitatem alumnorum et professorum in Seminariis et Facultatibus ecclesiasticis /
Mención de responsabilidad, etc. auctore Iosepho Hellin.
260 ## - PUBLICACIÓN, DISTRIBUCIÓN, ETC.
Lugar de publicación, distribución, etc. Matriti :
Nombre del editor, distribuidor, etc. La Editorial Católica,
Fecha de publicación, distribución, etc. 1950.
300 ## - DESCRIPCIÓN FÍSICA
Extensión XXVII, 928 :
Otras características físicas ;
Dimensiones 20 cm.
490 1# - MENCIÓN DE SERIE
Mención de serie Biblioteca de autores cristianos ;
Designación de volumen o secuencia 60
490 1# - MENCIÓN DE SERIE
Mención de serie Cursus Philosophicus ;
Designación de volumen o secuencia 5
546 ## - NOTA DE IDIOMA
Nota de lengua/lenguaje Texto en latín.
830 00 - PUNTO DE ACCESO ADICIONAL DE SERIE-TÍTULO UNIFORME
Título uniforme Biblioteca de autores cristianos
Designación de volumen o secuencia 60
9 (RLIN) 178679
830 0# - PUNTO DE ACCESO ADICIONAL DE SERIE-TÍTULO UNIFORME
Título uniforme Cursus Philosophicus ;
Designación de volumen o secuencia 5
9 (RLIN) 223072
852 ## - LOCALIZACIÓN
Ubicación ES-MaACL
Número de control de estantería J-58
itemnumber R.46092
Holdings
Estatus retirado Estado de pérdida Estado de daño No para préstamo Biblioteca de origen Biblioteca actual Ubicación en estantería Fecha de adquisición Fuente de adquisición Total de préstamos Signatura topográfica completa Código de barras Visto por última vez Precio de reemplazo Tipo de ítem Koha
        Biblioteca del Ateneo de Madrid Biblioteca del Ateneo de Madrid Depósito 2 01/04/2009     J-58 1179166 23/02/2023 23/02/2023 Libro impreso